000 00290nam a22001217a 4500
008 190315b xxu||||| |||| 00| 0 eng d
041 _aeng
080 _a043.3
100 _a0
101 _aSHKI-BA
245 _aSEO dhe rendesia e saj ne Marketingun Digjital
_cSalihi, B
942 _2udc
_cBK
999 _c54830
_d54830